Normal view MARC view
  • Asia

Entry Geographic Name

Number of records used in: 3

001 - CONTROL NUMBER

  • control field: 2998

003 - CONTROL NUMBER IDENTIFIER

  • control field: OSt

005 - DATE AND TIME OF LATEST TRANSACTION

  • control field: 20170509163358.0

008 - FIXED-LENGTH DATA ELEMENTS

  • fixed length control field: 170509|| aca||aabn | a|a d

040 ## - CATALOGING SOURCE

  • Original cataloging agency: OSt
  • Transcribing agency: OSt

151 ## - HEADING--GEOGRAPHIC NAME

  • Geographic name: Asia
  • General subdivision: Economic conditions
  • Chronological subdivision: 1945-

670 ## - SOURCE DATA FOUND

  • Source citation: Work cat.: (OSt)0: Naisbitt, John 2996, Megatrends Asia, 1996
Pusat Sumber Maklumat Dato' Haji Sarmin Md Hussin, Akademi Kastam Diraja Malaysia, Melaka
Tel: 06-2331106 | Faks: 06-2313787